[Event "Open d'Ille et Vilaine 2012"]
[Site "Rennes"]
[Date "2012.07.08"]
[Round "4.8"]
[White "Theon, Pierre"]
[Black "Minvielle, Vincent"]
[Result "1-0"]
[WhiteElo "2079"]
[BlackElo "1785"]
[Annotator "Doe,John"]
[PlyCount "82"]

1. e4 c5 2. Nc3 g6 3. f4 Bg7 4. Nf3 Nf6 5. e5 Ng4 6. h3 Nh6 7. g4 d5 8. d4 c4
9. Be3 Nc6 10. Qd2 f6 11. Bg2 Be6 12. f5 Nxf5 13. gxf5 Bxf5 14. Bh6 O-O 15.
Bxg7 Kxg7 16. O-O fxe5 17. Nxe5 e6 18. Nxc6 bxc6 19. Na4 Qh4 20. Rf4 Qh6 21.
Raf1 g5 22. R4f3 Qg6 23. Nc5 Rf7 {(=)} 24. Qe3 Raf8 25. Qe5+ Kg8 26. c3 h6 27.
Qd6 Kh7 28. Qxc6 g4 29. hxg4 Qxg4 30. Nd7 Rg8 31. R1f2 Qg5 32. Qd6 h5 33. Nc5
Rfg7 34. Nxe6 Qc1+ 35. Kh2 Bxe6 36. Qxe6 Qg5 37. Qf5+ Kh8 38. Qxg5 Rxg5 39. Rf5
Rg4 40. Rxh5+ Kg7 41. Bxd5 Re8 1-0

[Event "Open d'Ille et Vilaine 2012"]
[Site "Rennes"]
[Date "2012.07.08"]
[Round "4.9"]
[White "Durand-Le Ludec, Brendan-Bubok"]
[Black "Maulana, Kahfi"]
[Result "1/2-1/2"]
[WhiteElo "1709"]
[BlackElo "2006"]
[Annotator "Doe,John"]
[PlyCount "87"]

1. e4 e5 2. Nf3 Nc6 3. d4 exd4 4. Bc4 Nf6 5. O-O Nxe4 6. Re1 d5 7. Bxd5 Qxd5 8.
Nc3 Qh5 9. Nxe4 Be6 10. Bg5 Bd6 11. Nxd6+ cxd6 12. Bf4 Qd5 13. c3 Kd7 14. Nxd4
Nxd4 15. Qxd4 Qxd4 16. cxd4 Rhc8 17. Rac1 Rxc1 18. Rxc1 Bxa2 19. f3 b5 20. Ra1
Bc4 21. Ra6 d5 22. b4 h5 23. Kf2 f6 24. h4 {(=)} Kc8 25. Rc6+ Kd7 26. Ra6 Ke7
27. Bd6+ Kf7 28. Bc5 Re8 29. Rxa7+ Kg6 30. Re7 Rc8 31. Ke3 Rc6 32. Kf4 Ra6 33.
Ra7 {(=)} Ra4 34. Ra5 Bf1 35. g4 Bc4 36. Kg3 Kh6 37. Bf8 hxg4 38. fxg4 Kg6 39.
Kf4 Kf7 40. Bc5 Bd3 41. g5 g6 42. Ra7+ Rxa7 43. Bxa7 fxg5+ 44. hxg5 1/2-1/2

[Event "Open d'Ille et Vilaine 2012"]
[Site "Rennes"]
[Date "2012.07.08"]
[Round "4.10"]
[White "Capitaine, Mathieu"]
[Black "Belouassa, Aurelien"]
[Result "1-0"]
[WhiteElo "1995"]
[BlackElo "1757"]
[PlyCount "93"]

1. e4 c5 2. Nc3 Nc6 3. g3 g6 4. Bg2 d6 5. d3 Bg7 6. Nf3 Nf6 7. O-O Bg4 8. h3
Bd7 9. Nh4 Nh5 10. Kh2 e5 11. Be3 O-O 12. Qd2 a6 13. Bh6 Nd4 14. Bxg7 Kxg7 15.
Ne2 Nxe2 16. Qxe2 Be6 17. Nf5+ Kh8 18. Ne3 Nf6 19. f4 b5 20. Rf2 Rc8 21. Raf1
Nh5 22. f5 Bd7 23. fxg6 hxg6 24. Rxf7 Rxf7 25. Rxf7 Be6 26. Rf1 Qg5 27. Qf2 Kg7
28. h4 Qe7 29. Bh3 Bxh3 30. Kxh3 Qe6+ 31. Kg2 a5 32. Nd5 Rd8 33. Qf3 Rd7 34. g4
Nf4+ 35. Nxf4 exf4 36. Qxf4 Qxa2 37. Qf8+ Kh7 38. g5 Rg7 39. Qxd6 Qxb2 40. Qxc5
a4 41. e5 a3 42. e6 a2 43. e7 a1=Q 44. Rxa1 Qxa1 45. e8=Q Qd1 46. Qcc8 Qd2+ 47.
Kg3 1-0

[Event "Open d'Ille et Vilaine 2012"]
[Site "Rennes"]
[Date "2012.07.09"]
[Round "5.1"]
[White "Ivanov, Jordan"]
[Black "Meijers, Viesturs"]
[Result "1/2-1/2"]
[WhiteElo "2367"]
[BlackElo "2485"]
[PlyCount "41"]

1. Nf3 Nf6 2. c4 e6 3. g3 d5 4. b3 b6 5. Bb2 dxc4 6. bxc4 c5 7. Bg2 Bb7 8. O-O
Be7 9. d3 O-O 10. a4 a5 11. Nc3 Na6 12. Nb5 Nb4 13. Ne5 Bxg2 14. Kxg2 Nd7 15.
Qd2 Nxe5 16. Bxe5 Bf6 17. Qc3 Bxe5 18. Qxe5 Qd7 19. Qc7 Qxc7 20. Nxc7 Rac8 21.
Nb5 1/2-1/2

[Event "Open d'Ille et Vilaine 2012"]
[Site "Rennes"]
[Date "2012.07.09"]
[Round "5.2"]
[White "Inkiov, Ventzislav"]
[Black "Le Goff, Damien"]
[Result "0-1"]
[WhiteElo "2460"]
[BlackElo "2303"]
[PlyCount "38"]
[EventDate "2012.??.??"]

1. d4 Nf6 2. c4 c5 3. d5 b5 4. Nf3 Bb7 5. a4 Qa5+ 6. Bd2 b4 7. Qc2 d6 8. e4
Nbd7 9. Be2 h6 10. O-O g5 11. Bc1 Bg7 12. Nbd2 O-O-O 13. e5 dxe5 14. Qf5 Qc7
15. Re1 e4 16. Nxe4 e6 17. dxe6 fxe6 18. Qg6 Bxe4 19. Qxg7 Rh7 0-1

[Event "Open d'Ille et Vilaine 2012"]
[Site "Rennes"]
[Date "2012.07.09"]
[Round "5.3"]
[White "Stephan, Victor"]
[Black "Bailet, Pierre"]
[Result "1/2-1/2"]
[WhiteElo "2253"]
[BlackElo "2426"]
[Annotator "Doe,John"]
[PlyCount "74"]

1. d4 Nf6 2. c4 e6 3. g3 c5 4. Nf3 cxd4 5. Nxd4 d5 6. Bg2 e5 7. Nf3 e4 8. Nd4
Bb4+ 9. Nc3 O-O 10. Nc2 Bxc3+ 11. bxc3 dxc4 12. Qxd8 Rxd8 13. Bg5 Re8 14. Bxf6
gxf6 15. Na3 Nc6 16. Nxc4 f5 17. O-O-O Be6 18. Nd6 Re7 19. Bh3 Bxa2 20. Bxf5
Bb3 21. Rd2 e3 22. fxe3 Rxe3 23. Kb2 Be6 24. Rhd1 Rd8 25. Bxe6 Rxe6 26. Nf5
Rde8 27. Nd6 Rd8 28. Nf5 Rxd2+ 29. Rxd2 Re5 30. g4 h5 31. h3 hxg4 32. hxg4 Re4
33. e3 Ne5 34. Rd8+ Kh7 35. Rb8 b6 36. Rb7 Nxg4 37. Rxa7 Kg6 {(=)} 1/2-1/2

[Event "Open d'Ille et Vilaine 2012"]
[Site "Rennes"]
[Date "2012.07.09"]
[Round "5.4"]
[White "Geffroy, Leo"]
[Black "Guezennec, Franck"]
[Result "1-0"]
[WhiteElo "1921"]
[BlackElo "2181"]
[PlyCount "79"]

1. e4 d6 2. d4 Nf6 3. Nc3 g6 4. Nf3 Bg7 5. Bc4 O-O 6. O-O c6 7. a4 d5 8. exd5
cxd5 9. Ba2 Nc6 10. h3 h6 11. Bf4 Be6 12. Qd2 Kh7 13. Rad1 Qb6 14. Rfe1 Rac8
15. Ne5 Na5 16. Qc1 Rfd8 17. Ne2 Nd7 18. c3 Nxe5 19. dxe5 Nc4 20. Bxc4 Rxc4 21.
Rd4 Rdc8 22. Red1 Qb3 23. Qa1 a5 24. Rxc4 Rxc4 25. Rd4 Qb6 26. Rxc4 dxc4 27.
Qa3 Qc7 28. Nd4 Bd5 29. Nb5 Qd7 30. Qc5 Qf5 31. Qxd5 Qxf4 32. e6 fxe6 33. Qxe6
Qc1+ 34. Kh2 Qf4+ 35. Kg1 Qc1+ 36. Kh2 Qxb2 37. Qf7 Qe2 38. f4 Qe4 39. Nd4 g5
40. Ne6 1-0

[Event "Open d'Ille et Vilaine 2012"]
[Site "Rennes"]
[Date "2012.07.09"]
[Round "5.5"]
[White "Otmani, Kamel"]
[Black "Prioul, Jean"]
[Result "1/2-1/2"]
[WhiteElo "2090"]
[BlackElo "1929"]
[PlyCount "41"]

1. d4 Nf6 2. c4 c5 3. Nf3 g6 4. Nc3 Bg7 5. d5 O-O 6. e4 d6 7. h3 Na6 8. Bd3 Nc7
9. O-O b5 10. cxb5 a6 11. bxa6 Bxa6 12. Re1 Nd7 13. Bf4 Qb8 14. Rb1 Nb5 15.
Nxb5 Bxb5 16. Bxb5 Qxb5 17. a3 Rfb8 18. e5 Nxe5 19. Nxe5 dxe5 20. Bxe5 Bxe5 21.
Rxe5 1/2-1/2

[Event "Open d'Ille et Vilaine 2012"]
[Site "Rennes"]
[Date "2012.07.09"]
[Round "5.6"]
[White "Castilla, Thomas"]
[Black "Theon, Pierre"]
[Result "0-1"]
[WhiteElo "1822"]
[BlackElo "2079"]
[PlyCount "126"]

1. e4 e6 2. d4 d5 3. Nc3 Nc6 4. Nf3 Nf6 5. Bg5 Be7 6. e5 Ne4 7. Bxe7 Qxe7 8.
Nxe4 dxe4 9. Nd2 Nxd4 10. Nxe4 Nc6 11. c3 Nxe5 12. Qd4 f6 13. O-O-O Bd7 14. Be2
Bc6 15. f3 O-O 16. Qe3 a5 17. f4 Nf7 18. Nc5 e5 19. Bc4 b5 20. Bxf7+ Qxf7 21.
Kb1 exf4 22. Qxf4 Bd5 23. a3 Rfb8 24. Qf5 c6 25. Rhe1 Re8 26. g3 Rxe1 27. Rxe1
Re8 28. Qf2 Rxe1+ 29. Qxe1 Qg6+ 30. Ka1 h5 31. Na6 Qe4 32. Qxe4 Bxe4 33. Nc5
Bf5 34. b4 axb4 35. axb4 Kh7 36. Kb2 Kh6 37. h4 g5 38. Kc1 Kg6 39. Kd2 Bb1 40.
Ke3 Kf5 41. Kf3 Bc2 42. hxg5 fxg5 43. Nb7 Ke5 44. Nd8 Be4+ 45. Ke3 Bd5 46. Nb7
h4 47. gxh4 gxh4 48. Kf2 Be4 49. Nc5 Kd5 50. Ke3 Bg2 51. Kf2 h3 52. Na6 Kc4 53.
Kg1 Kxc3 54. Kh2 Be4 55. Kxh3 Bf5+ 56. Kg3 Bc8 57. Nb8 Bb7 58. Nd7 Kxb4 59. Kf4
Kc3 60. Nc5 Bc8 61. Ke5 Bh3 62. Ne4+ Kc2 63. Kd4 b4 0-1

[Event "Open d'Ille et Vilaine 2012"]
[Site "Rennes"]
[Date "2012.07.09"]
[Round "5.7"]
[White "Jouneau, Quentin"]
[Black "Mocquard, Yves"]
[Result "1-0"]
[WhiteElo "2026"]
[BlackElo "1878"]
[PlyCount "109"]

1. e4 e5 2. Nf3 Nc6 3. d4 exd4 4. c3 d5 5. exd5 Qxd5 6. cxd4 Bg4 7. Be2 Bb4+ 8.
Nc3 Bxf3 9. Bxf3 Qc4 10. Bxc6+ bxc6 11. Qe2+ Qxe2+ 12. Kxe2 Ne7 13. Re1 O-O-O
14. Be3 Nf5 15. Red1 Rhe8 16. Kf3 Rd7 17. g4 Nh4+ 18. Kg3 Ng6 19. Rac1 Kb7 20.
Kg2 Nf8 21. d5 cxd5 22. Nxd5 Red8 23. Nc3 Ne6 24. Rxd7 Rxd7 25. Ne4 Ba5 26. f4
Rd3 27. Kf3 Bb6 28. Rc3 Nd4+ 29. Kf2 Rd1 30. Nc5+ Kc8 31. Na4 Ba5 32. Rc4 Ne6
33. f5 Nd8 34. Bxa7 Rd2+ 35. Kg3 c6 36. Be3 Re2 37. Bf4 Bc7 38. Kf3 Re1 39.
Bxc7 Kxc7 40. Re4 Rh1 41. Re2 Rc1 42. b4 Rc4 43. a3 h5 44. h3 hxg4+ 45. hxg4
Rc1 46. Nc5 g6 47. Re7+ Kc8 48. Na6 Ne6 49. fxe6 Rc3+ 50. Ke4 fxe6 51. a4 Rc4+
52. Ke5 Rxg4 53. Kd6 Re4 54. Re8+ Kb7 55. Nc5+ 1-0

[Event "Open d'Ille et Vilaine 2012"]
[Site "Rennes"]
[Date "2012.07.09"]
[Round "5.8"]
[White "Collet, Davy"]
[Black "Hubert, Raphael"]
[Result "1-0"]
[WhiteElo "1815"]
[BlackElo "2006"]
[PlyCount "83"]

1. e4 e5 2. Nf3 d6 3. d4 Nc6 4. Bb5 exd4 5. Nxd4 Bd7 6. Bxc6 bxc6 7. O-O Nf6 8.
Nc3 Be7 9. Qf3 O-O 10. Bg5 Ng4 11. Bxe7 Qxe7 12. Nxc6 Qh4 13. h3 Rae8 14. Nd4
Ne5 15. Qg3 Qf6 16. Nd5 Qd8 17. f4 Nc6 18. Nf5 Bxf5 19. exf5 Nd4 20. Qd3 Ne2+
21. Kh2 Qh4 22. Rae1 c6 23. Rxe2 Rxe2 24. Qxe2 cxd5 25. Qd3 Qf6 26. c3 h5 27.
Qxd5 Re8 28. Rf2 Re1 29. Rd2 Qe7 30. Qxd6 Qe3 31. Qd4 Qxd4 32. Rxd4 Re2 33.
Rd8+ Kh7 34. Rb8 h4 35. Rb7 a5 36. a4 Re4 37. b4 Rxf4 38. Rb5 axb4 39. cxb4 f6
40. a5 Kh6 41. a6 Rf2 42. a7 1-0

[Event "Open d'Ille et Vilaine 2012"]
[Site "Rennes"]
[Date "2012.07.09"]
[Round "5.9"]
[White "Bleteau, Pierre"]
[Black "Capitaine, Mathieu"]
[Result "0-1"]
[WhiteElo "1756"]
[BlackElo "1995"]
[PlyCount "54"]

1. e4 e5 2. Nf3 Nf6 3. Nxe5 d6 4. Nc4 Nxe4 5. d4 d5 6. Ne3 Be7 7. Nd2 O-O 8.
Bd3 Nxd2 9. Bxd2 Be6 10. Qh5 g6 11. Qf3 Qd7 12. O-O-O c5 13. c3 cxd4 14. cxd4
Nc6 15. Qf4 Rfc8 16. Nc2 a5 17. Kb1 Nb4 18. Nxb4 axb4 19. f3 Qd8 20. h4 Rxa2
21. Kxa2 Qa5+ 22. Kb1 Ra8 23. Ba6 Bf5+ 24. Qxf5 gxf5 25. Bxb7 Ra7 26. Bc6 Qa2+
27. Kc1 Rc7 0-1

[Event "Open d'Ille et Vilaine 2012"]
[Site "Rennes"]
[Date "2012.07.09"]
[Round "5.10"]
[White "Heymes, Jean Michel"]
[Black "Ruhlmann, Helene"]
[Result "0-1"]
[WhiteElo "1973"]
[BlackElo "1763"]
[PlyCount "114"]

1. d4 d5 2. c4 e6 3. Nc3 Be7 4. cxd5 exd5 5. Bf4 c6 6. e3 Bf5 7. Qb3 Qb6 8. Nf3
Qxb3 9. axb3 Nd7 10. Be2 Ngf6 11. h3 O-O 12. O-O Rfe8 13. Rfc1 h6 14. Kf1 Bb4
15. Na2 Be7 16. Ke1 Nb8 17. Ne5 a5 18. Nc3 Bb4 19. f3 Nfd7 20. Kf2 Nxe5 21.
Bxe5 Nd7 22. Bc7 Re7 23. g4 Bh7 24. h4 g5 25. hxg5 hxg5 26. Rh1 Nf8 27. Be5 Nd7
28. Bc7 Kg7 29. Rh2 Nf8 30. Bg3 Rae8 31. Rah1 f6 32. e4 dxe4 33. f4 e3+ 34. Ke1
Be4 35. Rf1 Ne6 36. fxg5 Nxg5 37. Kd1 Bg6 38. Bf4 Rd7 39. Kc1 Rxd4 40. Rfh1 Rd2
41. Bc4 Rxh2 42. Rxh2 b5 43. Be2 Bc5 44. Rh1 Rd8 45. Bxg5 fxg5 46. Bf3 Rd2 47.
Ne4 Bxe4 48. Bxe4 Rd6 49. Rh7+ Kf6 50. Bf3 Ke5 51. Rf7 Rf6 52. Rxf6 Kxf6 53.
Bxc6 b4 54. Kc2 Ke5 55. Kd3 Kf4 56. Bd7 Kf3 57. Be6 e2 0-1

[Event "Open d'Ille et Vilaine 2012"]
[Site "Rennes"]
[Date "2012.07.10"]
[Round "6.2"]
[White "Meijers, Viesturs"]
[Black "Inkiov, Ventzislav"]
[Result "1/2-1/2"]
[WhiteElo "2485"]
[BlackElo "2460"]
[PlyCount "42"]

1. e4 e5 2. Nf3 Nc6 3. Bb5 a6 4. Bxc6 dxc6 5. O-O f6 6. d4 exd4 7. Nxd4 c5 8.
Nb3 Qxd1 9. Rxd1 Bd6 10. Be3 b6 11. Nc3 Be6 12. a4 a5 13. Rd2 O-O-O 14. Rad1
Be7 15. Nd5 Bxd5 16. Rxd5 Rxd5 17. Rxd5 Bd6 18. f4 Ne7 19. Rd1 Nc6 20. c3 Re8
21. Nd2 Bf8 1/2-1/2

[Event "Open d'Ille et Vilaine 2012"]
[Site "Rennes"]
[Date "2012.07.10"]
[Round "6.3"]
[White "Bailet, Pierre"]
[Black "Geffroy, Leo"]
[Result "1-0"]
[WhiteElo "2426"]
[BlackElo "1921"]
[Annotator "Doe,John"]
[PlyCount "47"]

1. e4 c5 2. Nf3 Nc6 3. d4 cxd4 4. Nxd4 Nf6 5. Nc3 e5 6. Ndb5 d6 7. Bg5 a6 8.
Na3 b5 9. Bxf6 gxf6 10. Nd5 f5 11. Bd3 Be6 12. O-O Bxd5 13. exd5 Ne7 14. c3 Bg7
15. Qh5 e4 16. Bc2 Qc8 17. Rae1 O-O 18. Kh1 b4 $2 19. cxb4 Bxb2 20. Re3 Bxa3 $4
21. Rh3 Rd8 22. Qxh7+ Kf8 23. Qh6+ Ke8 24. Ba4+ 1-0

[Event "Open d'Ille et Vilaine 2012"]
[Site "Rennes"]
[Date "2012.07.10"]
[Round "6.4"]
[White "Capitaine, Mathieu"]
[Black "Stephan, Victor"]
[Result "0-1"]
[WhiteElo "1995"]
[BlackElo "2253"]
[Annotator "Doe,John"]
[PlyCount "122"]

1. e4 c5 2. Nc3 a6 3. g3 b5 4. Bg2 Bb7 5. d3 e6 6. Nh3 d6 7. O-O Be7 8. Qg4 g6
9. f4 Nf6 10. Qe2 b4 11. e5 Nd5 12. Nxd5 Bxd5 13. Bxd5 exd5 14. f5 gxf5 15.
Rxf5 Nc6 16. e6 fxe6 17. Qxe6 Nd4 18. Qf7+ Kd7 19. Rxd5 Qf8 20. Qh5 Qf3 21.
Qxf3 Nxf3+ 22. Kh1 Nd4 23. c3 bxc3 24. bxc3 Ne2 25. Bd2 Bf6 26. d4 cxd4 27.
cxd4 Kc6 28. Rf5 Bxd4 29. Rb1 Bc5 30. Nf4 Nxf4 31. Bxf4 Rab8 32. Rc1 Rhc8 33.
Rf7 Rb7 34. Rxb7 {(=)} Kxb7 35. Kg2 Kc6 36. Kf3 Rb8 37. Rc2 a5 38. Ke4 a4 39.
Kd3 Rb1 40. Rc1 Rb7 41. Rc2 Kd5 42. h4 h5 43. Bg5 Rf7 44. Bf4 Re7 45. Bd2 Re4
46. Rb2 Rd4+ 47. Ke2 Rc4 48. Kd3 a3 49. Rb7 Rd4+ 50. Ke2 Kc4 51. Rb3 Re4+ 52.
Kf3 Re8 53. Bc1 Rf8+ 54. Bf4 d5 55. Ke2 d4 56. Kd2 Re8 57. Kd1 d3 58. Bd2 Re2
59. Rb7 Rg2 60. Rg7 Rg1+ 61. Be1 Bb4 0-1

[Event "Open d'Ille et Vilaine 2012"]
[Site "Rennes"]
[Date "2012.07.10"]
[Round "6.5"]
[White "Theon, Pierre"]
[Black "Collet, Davy"]
[Result "1/2-1/2"]
[WhiteElo "2079"]
[BlackElo "1815"]
[PlyCount "75"]

1. e4 e5 2. Nc3 Nf6 3. Nf3 Nc6 4. d4 exd4 5. Nxd4 Bb4 6. Nxc6 bxc6 7. Bd3 d5 8.
exd5 cxd5 9. O-O O-O 10. Bg5 c6 11. Qf3 h6 12. Bxf6 Qxf6 13. Qxf6 gxf6 14. Ne2
Bd6 15. Ng3 a5 16. Rad1 Bg4 17. Be2 Bxg3 18. Bxg4 Be5 19. b3 Rfd8 20. a4 Bc3
21. Rd3 d4 22. Rg3 Kf8 23. Rh3 Kg7 24. Bf5 Rd5 25. Be4 Rc5 26. Bd3 Re8 27. f4
Re3 28. Rff3 Rd5 29. Kf2 Be1+ 30. Kf1 Rxf3+ 31. Rxf3 Bc3 32. Rg3+ Kf8 33. Rh3
Kg7 34. Bc4 Rd8 35. Rg3+ Kf8 36. Rh3 Kg7 37. Rh5 Bb4 38. Rh3 1/2-1/2

[Event "Open d'Ille et Vilaine 2012"]
[Site "Rennes"]
[Date "2012.07.10"]
[Round "6.6"]
[White "Mahe, Romain"]
[Black "Jouneau, Quentin"]
[Result "1/2-1/2"]
[WhiteElo "1934"]
[BlackElo "2026"]
[Annotator "Doe,John"]
[PlyCount "66"]

1. e4 Nf6 2. Nc3 d5 3. exd5 Nxd5 4. Bc4 c6 5. d4 Nxc3 6. bxc3 Bf5 7. Nf3 e6 8.
O-O Bd6 9. Re1 O-O 10. Ng5 Qc7 11. h3 Nd7 12. Bd3 Bxd3 13. cxd3 c5 14. dxc5
Bxc5 15. Qb3 Nf6 16. Ne4 Nxe4 17. Rxe4 Rfd8 18. Bf4 Qc6 19. Qc2 Rd7 20. Be3
Bxe3 21. fxe3 Rad8 22. Rc4 Qd5 23. Rd4 Qc5 24. Qd2 g6 25. Rb1 b6 26. Rbb4 a5
27. Rxd7 Rxd7 28. Rd4 Rxd4 29. exd4 Qd5 30. Qb2 b5 31. Qf2 e5 32. dxe5 Qxd3 33.
Qb6 a4 {(=)} 1/2-1/2

[Event "Open d'Ille et Vilaine 2012"]
[Site "Rennes"]
[Date "2012.07.10"]
[Round "6.7"]
[White "Ruhlmann, Helene"]
[Black "Otmani, Kamel"]
[Result "0-1"]
[WhiteElo "1763"]
[BlackElo "2090"]
[PlyCount "102"]

1. d4 Nf6 2. Nf3 g6 3. c4 Bg7 4. Nc3 O-O 5. e4 d6 6. Be3 Na6 7. Be2 e5 8. O-O
Ng4 9. Bg5 Qe8 10. h3 f6 11. Bh4 Nh6 12. d5 Nf7 13. Nd2 f5 14. exf5 gxf5 15.
Bh5 e4 16. Nb3 Qe5 17. Re1 Bd7 18. Bg3 Qf6 19. Bxf7+ Rxf7 20. Bf4 Nb4 21. Nc1
a5 22. Qb3 b6 23. Re3 Qh4 24. N3e2 Rf6 25. Bg3 Qg5 26. Bf4 Qh4 27. Bg3 Qg5 28.
Bf4 Qh5 29. Ng3 Qh4 30. Nge2 Rg6 31. Bg3 Qf6 32. Rb1 Qg5 33. Qd1 Rf8 34. Nf4
Rh6 35. a3 Na6 36. b4 a4 37. Nce2 Kh8 38. Nd4 Be5 39. Nfe6 Bxe6 40. Nxe6 Rxe6
41. dxe6 f4 42. Bxf4 Qxf4 43. e7 Qxf2+ 44. Kh1 Rg8 45. Qg1 Qxg1+ 46. Rxg1 Re8
47. Rf1 Kg8 48. Rxe4 Rxe7 49. g4 Rf7 50. Ree1 Rxf1+ 51. Rxf1 Nxb4 0-1

[Event "Open d'Ille et Vilaine 2012"]
[Site "Rennes"]
[Date "2012.07.10"]
[Round "6.8"]
[White "Aubry, Yannis"]
[Black "Houlgate, Anthony"]
[Result "1-0"]
[WhiteElo "2104"]
[BlackElo "1995"]
[Annotator "Doe,John"]
[PlyCount "49"]
[EventDate "2012.??.??"]

1. e4 e5 2. Nc3 Nf6 3. Bc4 c6 4. d4 exd4 5. Qxd4 Be7 6. e5 d5 7. exf6 dxc4 (
7... Bxf6 8. Qe3+ Be6) 8. Qxd8+ Bxd8 9. fxg7 Rg8 10. Bh6 Bf5 11. O-O-O Bf6 12.
Nge2 Bxg7 13. Bxg7 Rxg7 14. Rhe1 Kf8 15. Rd8+ Ke7 16. Rh8 Be6 17. Nf4 b5 18. g3
a5 19. Ne4 Bd7 20. Nc5+ Kd6 21. Nxd7 Kxd7 22. Ree8 Kc7 23. Re7+ Kb6 24. h4 b4 (
24... c5 25. Nd5+ Kc6 26. Rd8 b4 27. Rc7+ Kb5 28. Rd6 Ra6 29. Rb7+ Ka4 30. b3+
cxb3 31. axb3+ Ka3 32. Rxa6 Nxa6 33. Rb5 a4 34. Ra5 f5 35. Rxa4#) 25. Ne6 1-0

[Event "Open d'Ille et Vilaine 2012"]
[Site "Rennes"]
[Date "2012.07.10"]
[Round "6.9"]
[White "Prioul, Jean"]
[Black "Maulana, Kahfi"]
[Result "1/2-1/2"]
[WhiteElo "1929"]
[BlackElo "2006"]
[Annotator "Doe,John"]
[PlyCount "39"]

1. Nf3 Nf6 2. c4 e6 3. Nc3 a6 4. g3 d5 5. cxd5 exd5 6. d4 b5 7. a3 Bb7 8. Bg2
Bd6 9. O-O O-O 10. Qc2 Nbd7 11. Qf5 Re8 12. Nd2 Nb6 13. Nb3 Nc4 14. Nc5 Bc8 15.
Qc2 c6 16. b3 Nb6 17. Nd1 Qe7 18. Ne3 g6 19. h3 h5 20. Ra2 {(=)} 1/2-1/2

[Event "Open d'Ille et Vilaine 2012"]
[Site "Rennes"]
[Date "2012.07.10"]
[Round "6.10"]
[White "Louis, Corentin"]
[Black "Schmouchkovitch, Michel"]
[Result "1-0"]
[WhiteElo "1994"]
[BlackElo "1947"]
[PlyCount "71"]

1. e4 e6 2. d4 d5 3. Nd2 c5 4. exd5 exd5 5. Ngf3 Nf6 6. Bb5+ Bd7 7. Bxd7+ Nbxd7
8. O-O Be7 9. dxc5 Nxc5 10. Nd4 Qd7 11. N2b3 Nce4 12. Bf4 O-O 13. Qd3 Rac8 14.
Rfe1 Rfe8 15. c3 a6 16. Nc2 Qf5 17. Be3 Bd6 18. Nbd4 Qh5 19. Nf3 g5 20. h3 g4
21. hxg4 Nxg4 22. Ncd4 f5 23. Ne2 Qh1+ 24. Kxh1 Nexf2+ 25. Bxf2 Nxf2+ 26. Kg1
Nxd3 27. Red1 Rxe2 28. Rxd3 Bc5+ 29. Kh2 Rxb2 30. Rxd5 f4 31. Rad1 Be3 32. Rg5+
Kf8 33. Rd7 Rc6 34. Rxh7 Rf6 35. Ne5 Rd6 36. Rf7+ 1-0

[Event "Open d'Ille et Vilaine 2012"]
[Site "Rennes"]
[Date "2012.07.10"]
[Round "7.1"]
[White "Bailet, Pierre"]
[Black "Le Goff, Damien"]
[Result "1/2-1/2"]
[WhiteElo "2426"]
[BlackElo "2303"]
[Annotator "Doe,John"]
[PlyCount "85"]
[EventDate "2012.??.??"]

1. d4 Nf6 2. c4 c5 3. d5 b5 4. cxb5 a6 5. b6 e6 6. Nc3 exd5 7. Nxd5 Nxd5 8.
Qxd5 Nc6 9. e4 Be7 10. Nf3 Rb8 11. Bc4 O-O 12. O-O Rxb6 13. b3 d6 14. Qh5 Be6
15. Bxe6 fxe6 16. Bb2 Bf6 17. e5 Nxe5 18. Bxe5 Bxe5 19. Ng5 h6 20. Nxe6 Qe8 21.
Qxe8 Rxe8 22. Nc7 Bxa1 23. Nxe8 Be5 24. Nc7 {(=)} Rb7 25. Nd5 Kf7 26. Re1 Ke6
27. Ne3 Kd7 28. Kf1 Rb8 29. Nd5 Rf8 30. g3 Rf7 31. f4 g5 32. Ke2 gxf4 33. gxf4
Bd4 34. Kd3 Bf2 {(=)} 35. Re4 Rf5 36. Kc4 Bh4 37. Ne3 Rh5 38. f5 Kc6 39. Nd5
Rxf5 40. Rxh4 Rxd5 41. Rxh6 Rd2 42. a3 Ra2 43. b4 {(=)} 1/2-1/2

[Event "Open d'Ille et Vilaine 2012"]
[Site "Rennes"]
[Date "2012.07.10"]
[Round "7.2"]
[White "Stephan, Victor"]
[Black "Meijers, Viesturs"]
[Result "0-1"]
[WhiteElo "2253"]
[BlackElo "2485"]
[PlyCount "111"]

1. d4 Nf6 2. c4 e6 3. g3 d5 4. Nf3 dxc4 5. Bg2 Nbd7 6. Qa4 a6 7. Qxc4 b5 8. Qc6
Rb8 9. Bf4 Nd5 10. Bg5 Be7 11. Bxe7 Qxe7 12. Nc3 Nxc3 13. Qxc3 Bb7 14. O-O Rc8
15. Rac1 O-O 16. Rfd1 c5 17. dxc5 Rxc5 18. Qe3 Rxc1 19. Rxc1 Nf6 20. Qc5 Qd8
21. Ne5 Bxg2 22. Kxg2 g6 23. Nf3 Kg7 24. Qe5 Qd5 25. Qxd5 Nxd5 26. a3 Rb8 27.
Ne5 Rb7 28. Nd3 a5 29. Rc5 a4 30. Kf3 f5 31. Nf4 Nxf4 32. gxf4 b4 33. axb4 Rxb4
34. Ra5 h6 35. h4 Kf7 36. Ra7+ Ke8 37. e3 Kd8 38. Ra6 Kc7 39. Rxe6 Rxb2 40. Ra6
Rb4 41. h5 gxh5 42. Kg3 Kb7 43. Ra5 Kb6 44. Ra8 Kb5 45. Kh4 Re4 46. Rb8+ Kc4
47. Kxh5 Re6 48. Rc8+ Kb5 49. f3 a3 50. e4 fxe4 51. f5 a2 52. Rc1 Ra6 53. fxe4
a1=Q 54. Rxa1 Rxa1 55. Kxh6 Kc6 56. Kg7 0-1

[Event "Open d'Ille et Vilaine 2012"]
[Site "Rennes"]
[Date "2012.07.10"]
[Round "7.3"]
[White "Inkiov, Ventzislav"]
[Black "Theon, Pierre"]
[Result "1-0"]
[WhiteElo "2460"]
[BlackElo "2079"]
[PlyCount "41"]

1. e4 e6 2. d4 d5 3. e5 c5 4. c3 Qb6 5. Nf3 Bd7 6. Be2 cxd4 7. cxd4 Bb5 8. Nc3
Bxe2 9. Nxe2 Ne7 10. O-O Nbc6 11. Ng3 h5 12. h4 Ng6 13. Bg5 Be7 14. Bxe7 Kxe7
15. Qd2 f6 16. Rac1 fxe5 17. dxe5 Raf8 18. Qg5+ Kf7 19. Nxh5 Qd8 20. Qg4 Rh6
21. Ng5+ 1-0

[Event "Open d'Ille et Vilaine 2012"]
[Site "Rennes"]
[Date "2012.07.10"]
[Round "7.4"]
[White "Ivanov, Jordan"]
[Black "Mahe, Romain"]
[Result "1/2-1/2"]
[WhiteElo "2367"]
[BlackElo "1934"]
[PlyCount "134"]

1. d4 d5 2. c4 Bf5 3. cxd5 Bxb1 4. Qa4+ c6 5. Rxb1 Qxd5 6. Nf3 Nd7 7. b4 Ngf6
8. e3 e5 9. dxe5 Nxe5 10. Nxe5 Qxe5 11. b5 Qe4 12. Qxe4+ Nxe4 13. bxc6 bxc6 14.
Ba6 Nc5 15. Bc4 Bd6 16. Ke2 Ke7 17. Ba3 Rab8 18. Kf3 Nd7 19. Bxd6+ Kxd6 20. Ke2
Ke7 21. e4 f6 22. f4 Rxb1 23. Rxb1 Rb8 24. Rc1 Rb2+ 25. Kf3 h5 26. h4 a5 27.
Bb3 c5 28. Rc3 Kd6 29. a3 Rb1 30. Bf7 Rf1+ 31. Kg3 Re1 32. Kf3 Rf1+ 33. Ke3
Re1+ 34. Kd3 g5 35. e5+ Rxe5 36. fxe5+ Nxe5+ 37. Ke4 Nxf7 38. Kf5 gxh4 39. Rc1
Ne5 40. Rd1+ Kc6 41. Kxf6 Nc4 42. Rd3 Kb5 43. Ke6 a4 44. Rc3 Nb6 45. Kd6 Nc4+
46. Kd5 Nb6+ 47. Ke4 Nc4 48. Rh3 Kc6 49. Rc3 Kb5 50. Kd3 Ne5+ 51. Kc2 Kc6 52.
Rh3 Ng6 53. Rf3 Ne5 54. Rf4 Ng4 55. Kc3 Ne3 56. Rf6+ Kd5 57. Rg6 Ke4 58. Rg5
Nxg2 59. Rxh5 Kf3 60. Rxc5 h3 61. Kb4 h2 62. Rc1 Ne3 63. Kxa4 Nc2 64. Kb3 Nxa3
65. Kxa3 Kg2 66. Rc2+ Kg3 67. Rxh2 Kxh2 1/2-1/2

[Event "Open d'Ille et Vilaine 2012"]
[Site "Rennes"]
[Date "2012.07.10"]
[Round "7.5"]
[White "Jouneau, Quentin"]
[Black "Aubry, Yannis"]
[Result "1/2-1/2"]
[WhiteElo "2026"]
[BlackElo "2104"]
[Annotator "Doe,John"]
[PlyCount "45"]

1. e4 e6 2. Qe2 c5 3. Nf3 Bd6 $6 $146 4. g3 Nc6 5. Nc3 Nge7 6. d3 O-O 7. Bg2
Bc7 8. Be3 b6 9. h4 d5 10. exd5 exd5 11. d4 Bg4 12. Qd2 Bxf3 13. Bxf3 cxd4 14.
Bxd4 Nf5 15. Ne2 Nfxd4 16. Nxd4 Nxd4 17. Qxd4 Re8+ 18. Kf1 {(=)} Be5 19. Qxd5
Qxd5 20. Bxd5 Rad8 21. Rd1 Bxb2 22. Kg2 Kf8 23. Bc6 {(=)} 1/2-1/2

[Event "Open d'Ille et Vilaine 2012"]
[Site "Rennes"]
[Date "2012.07.10"]
[Round "7.6"]
[White "Otmani, Kamel"]
[Black "Louis, Corentin"]
[Result "1/2-1/2"]
[WhiteElo "2090"]
[BlackElo "1994"]
[PlyCount "71"]

1. Nf3 f5 2. c4 Nf6 3. Nc3 g6 4. g3 Bg7 5. Bg2 O-O 6. O-O d6 7. d3 e5 8. Rb1 a5
9. a3 Nc6 10. b4 axb4 11. axb4 h6 12. b5 Ne7 13. Qb3 Be6 14. Nd2 c6 15. Ba3 Re8
16. Ra1 Qd7 17. Rfb1 d5 18. Bxe7 Rxa1 19. Rxa1 Rxe7 20. Ra7 e4 21. bxc6 Qxc6
22. Qb4 Kf7 23. Nb3 dxc4 24. Nd4 Qd7 25. Nxe6 Qxe6 26. dxe4 fxe4 27. Rxb7 Bf8
28. Rb6 Nd5 29. Rxe6 Nxb4 30. Rxe7+ Bxe7 31. Bxe4 Ke6 32. Bxg6 Bf6 33. Ne4 Bb2
34. Nc5+ Kd5 35. Na4 Bg7 36. Kg2 1/2-1/2